[Event "MP do 16 lat - chlopcy"]
[Site "Sypniewo"]
[Date "2022.03.26"]
[Round "8.12"]
[White "Wilk, Igor"]
[Black "Wnek, Filip"]
[Result "0-1"]
[BlackElo "2033"]
[WhiteElo "1753"]
[LiveChessVersion "1.4.8"]

1. e4 {[%clk 1:30:58]} c5 {[%clk 1:30:30]} 2. Nf3 {[%clk 1:31:24]} d6
{[%clk 1:30:54]} 3. Bb5+ {[%clk 1:31:48]} Bd7 {[%clk 1:31:18]} 4. Bxd7+
{[%clk 1:32:10]} Qxd7 {[%clk 1:31:43]} 5. c4 {[%clk 1:32:33]} e5 {[%clk 1:31:40]}
6. Nc3 {[%clk 1:32:01]} g6 {[%clk 1:31:51]} 7. d3 {[%clk 1:31:14]} Bg7
{[%clk 1:32:11]} 8. Nd5 {[%clk 1:24:13]} Ne7 {[%clk 1:32:23]} 9. h4
{[%clk 1:22:16]} Nxd5 {[%clk 1:25:18]} 10. cxd5 {[%clk 1:22:03]} Na6
{[%clk 1:22:37]} 11. Bd2 {[%clk 1:15:40]} c4 {[%clk 1:21:09]} 12. dxc4
{[%clk 1:11:37]} Nc5 {[%clk 1:21:16]} 13. Qe2 {[%clk 1:11:57]} Qg4
{[%clk 1:21:25]} 14. Ng5 {[%clk 1:09:27]} Qxg2 {[%clk 1:21:54]} 15. Rf1
{[%clk 1:04:08]} h6 {[%clk 1:18:46]} 16. b4 {[%clk 1:04:12]} Nd7 {[%clk 1:03:43]}
17. Nf3 {[%clk 1:04:14]} Qg4 {[%clk 1:03:39]} 18. Rg1 {[%clk 0:51:09]} Qh5
{[%clk 1:03:58]} 19. Rc1 {[%clk 0:51:33]} Rc8 {[%clk 1:04:07]} 20. Be3
{[%clk 0:48:34]} b6 {[%clk 1:03:05]} 21. Kd2 {[%clk 0:45:44]} Nf6
{[%clk 1:02:44]} 22. Kd3 {[%clk 0:39:42]} Nxe4 {[%clk 1:01:33]} 23. Bxb6
{[%clk 0:40:02]} axb6 {[%clk 1:01:13]} 24. Kxe4 {[%clk 0:38:38]} Qf5+
{[%clk 1:01:34]} 25. Ke3 {[%clk 0:39:02]} O-O {[%clk 1:00:47]} 26. Qc2
{[%clk 0:37:19]} Qf4+ {[%clk 0:59:56]} 27. Ke2 {[%clk 0:37:43]} e4
{[%clk 0:59:16]} 28. Nd2 {[%clk 0:37:39]} Rfe8 {[%clk 0:58:57]} 29. Qb3
{[%clk 0:37:30]} e3 {[%clk 0:56:58]} 30. fxe3 {[%clk 0:37:10]} Bd4
{[%clk 0:57:12]} 31. Nf1 {[%clk 0:36:47]} Re4 {[%clk 0:52:13]} 32. Rg3
{[%clk 0:35:12]} Rce8 {[%clk 0:49:54]} 33. Rf3 {[%clk 0:34:23]} Qg4
{[%clk 0:49:27]} 34. Rd1 {[%clk 0:29:13]} Rf4 {[%clk 0:48:56]} 35. Nd2
{[%clk 0:28:40]} Qg2+ {[%clk 0:49:00]} 36. Kd3 {[%clk 0:28:57]} Rxf3
{[%clk 0:49:16]} 37. Kxd4 {[%clk 0:28:47]} Qg4+ {[%clk 0:49:36]} 0-1

[Event "MP do 16 lat - chlopcy"]
[Site "Sypniewo"]
[Date "2022.03.26"]
[Round "8.13"]
[White "Taranowicz, Michal"]
[Black "Demski, Michal"]
[Result "1-0"]
[BlackElo "1678"]
[WhiteElo "1965"]
[LiveChessVersion "1.4.8"]

1. e4 {[%clk 1:30:59]} d5 {[%clk 1:30:56]} 2. exd5 {[%clk 1:30:25]} Qxd5
{[%clk 1:31:22]} 3. Nc3 {[%clk 1:30:50]} Qd8 {[%clk 1:31:48]} 4. d4
{[%clk 1:30:18]} Nf6 {[%clk 1:31:42]} 5. Bg5 {[%clk 1:29:43]} c6 {[%clk 1:32:00]}
6. Bc4 {[%clk 1:27:02]} Bf5 {[%clk 1:24:45]} 7. Nf3 {[%clk 1:27:23]} e6
{[%clk 1:24:41]} 8. Qe2 {[%clk 1:26:13]} Be7 {[%clk 1:16:58]} 9. O-O
{[%clk 1:20:50]} O-O {[%clk 1:13:37]} 10. Rad1 {[%clk 1:21:06]} h6
{[%clk 1:06:37]} 11. Bh4 {[%clk 1:19:55]} Nbd7 {[%clk 1:04:53]} 12. Ne5
{[%clk 1:13:03]} Nd5 {[%clk 0:51:39]} 13. Bxd5 {[%clk 1:08:57]} Bxh4
{[%clk 0:48:37]} 14. Bb3 {[%clk 1:08:41]} Qc7 {[%clk 0:45:33]} 15. f4
{[%clk 1:02:30]} Rad8 {[%clk 0:38:57]} 16. Ne4 {[%clk 0:50:31]} Be7
{[%clk 0:35:10]} 17. Ng3 {[%clk 0:47:36]} Bh7 {[%clk 0:32:18]} 18. Nxf7
{[%clk 0:46:03]} Rxf7 {[%clk 0:15:50]} 19. Qxe6 {[%clk 0:46:25]} Bf6
{[%clk 0:13:37]} 20. Qxf7+ {[%clk 0:46:46]} Kh8 {[%clk 0:14:05]} 21. Rfe1
{[%clk 0:43:36]} Rf8 {[%clk 0:13:18]} 22. Re8 {[%clk 0:43:41]} Qd6
{[%clk 0:13:28]} 23. Rxf8+ {[%clk 0:35:22]} Nxf8 {[%clk 0:13:16]} 24. Nf5
{[%clk 0:35:32]} Qd8 {[%clk 0:12:51]} 25. Re1 {[%clk 0:35:29]} 1-0

[Event "MP do 16 lat - chlopcy"]
[Site "Sypniewo"]
[Date "2022.03.26"]
[Round "8.14"]
[White "Rzenca, Jerzy"]
[Black "Jedraszek, Pawel"]
[Result "0-1"]
[BlackElo "1954"]
[WhiteElo "1586"]
[LiveChessVersion "1.4.8"]

1. c4 {[%clk 1:30:58]} Nf6 {[%clk 1:30:51]} 2. g3 {[%clk 1:31:22]} g6
{[%clk 1:31:03]} 3. Bg2 {[%clk 1:31:45]} Bg7 {[%clk 1:31:26]} 4. Nc3
{[%clk 1:32:04]} O-O {[%clk 1:31:28]} 5. Rb1 {[%clk 1:31:51]} d6 {[%clk 1:29:22]}
6. d3 {[%clk 1:32:08]} e5 {[%clk 1:29:11]} 7. e4 {[%clk 1:30:57]} Nc6
{[%clk 1:26:05]} 8. Nge2 {[%clk 1:30:46]} Nh5 {[%clk 1:23:52]} 9. O-O
{[%clk 1:27:06]} f5 {[%clk 1:22:23]} 10. exf5 {[%clk 1:25:48]} Bxf5
{[%clk 1:22:28]} 11. Ne4 {[%clk 1:23:37]} Qd7 {[%clk 1:15:12]} 12. b4
{[%clk 1:05:33]} Rae8 {[%clk 1:02:56]} 13. b5 {[%clk 1:02:01]} Nd8
{[%clk 0:57:28]} 14. Qb3 {[%clk 0:50:25]} Kh8 {[%clk 0:56:55]} 15. Qa3
{[%clk 0:46:01]} Nf6 {[%clk 0:46:00]} 16. Qxa7 {[%clk 0:38:40]} Nxe4
{[%clk 0:46:19]} 17. Bxe4 {[%clk 0:38:04]} Bxe4 {[%clk 0:46:34]} 18. dxe4
{[%clk 0:38:28]} Qg4 {[%clk 0:43:35]} 19. Nc3 {[%clk 0:35:04]} Ne6
{[%clk 0:43:27]} 20. Be3 {[%clk 0:26:37]} Qf3 {[%clk 0:31:49]} 21. Qa4
{[%clk 0:22:40]} Nf4 {[%clk 0:29:28]} 22. Bxf4 {[%clk 0:20:01]} exf4
{[%clk 0:29:56]} 23. Nd5 {[%clk 0:17:58]} fxg3 {[%clk 0:29:51]} 24. hxg3
{[%clk 0:18:21]} Bd4 {[%clk 0:29:39]} 25. Ne3 {[%clk 0:11:11]} Bxe3
{[%clk 0:24:49]} 26. fxe3 {[%clk 0:11:21]} Qxg3+ {[%clk 0:24:59]} 27. Kh1
{[%clk 0:11:47]} Qh3+ {[%clk 0:22:28]} 28. Kg1 {[%clk 0:12:09]} Qxe3+
{[%clk 0:22:49]} 29. Kh2 {[%clk 0:11:49]} Rf2+ {[%clk 0:22:58]} 30. Rxf2
{[%clk 0:12:03]} Qxf2+ {[%clk 0:23:26]} 31. Kh1 {[%clk 0:12:05]} Rxe4
{[%clk 0:23:42]} 0-1

[Event "MP do 16 lat - chlopcy"]
[Site "Sypniewo"]
[Date "2022.03.26"]
[Round "8.15"]
[White "Melerowicz, Dominik"]
[Black "Wydmanski, Szymon"]
[Result "1/2-1/2"]
[BlackElo "1756"]
[WhiteElo "1825"]
[LiveChessVersion "1.4.8"]

1. e4 {[%clk 1:30:58]} c5 {[%clk 1:28:56]} 2. Nf3 {[%clk 1:31:20]} Nc6
{[%clk 1:29:18]} 3. d4 {[%clk 1:31:41]} cxd4 {[%clk 1:29:43]} 4. Nxd4
{[%clk 1:32:05]} e5 {[%clk 1:30:04]} 5. Nb5 {[%clk 1:32:20]} d6 {[%clk 1:30:19]}
6. N1c3 {[%clk 1:32:10]} a6 {[%clk 1:30:43]} 7. Na3 {[%clk 1:32:34]} b5
{[%clk 1:31:08]} 8. Nd5 {[%clk 1:32:47]} Nce7 {[%clk 1:31:27]} 9. Nxe7
{[%clk 1:22:13]} Bxe7 {[%clk 1:29:36]} 10. Bd3 {[%clk 1:20:44]} Bb7
{[%clk 1:28:03]} 11. c4 {[%clk 1:12:28]} Nf6 {[%clk 1:15:16]} 12. cxb5
{[%clk 1:07:41]} Nxe4 {[%clk 1:08:30]} 13. O-O {[%clk 1:06:39]} a5
{[%clk 1:02:45]} 14. Nc4 {[%clk 0:58:06]} Nc5 {[%clk 0:57:38]} 15. Be3
{[%clk 0:49:22]} Nd7 {[%clk 0:54:17]} 16. Bf5 {[%clk 0:47:43]} d5
{[%clk 0:46:41]} 17. Bxd7+ {[%clk 0:46:58]} Qxd7 {[%clk 0:47:08]} 18. Nb6
{[%clk 0:47:20]} Qe6 {[%clk 0:44:17]} 19. Nxa8 {[%clk 0:47:39]} Bxa8
{[%clk 0:44:43]} 20. f3 {[%clk 0:46:56]} d4 {[%clk 0:38:38]} 21. Bf2
{[%clk 0:47:10]} Bc5 {[%clk 0:38:30]} 22. Rc1 {[%clk 0:46:22]} Bb6
{[%clk 0:38:56]} 23. Re1 {[%clk 0:42:58]} O-O {[%clk 0:38:13]} 24. a4
{[%clk 0:41:24]} f5 {[%clk 0:32:23]} 25. Qe2 {[%clk 0:31:22]} e4 {[%clk 0:31:39]}
26. Red1 {[%clk 0:27:34]} Rd8 {[%clk 0:25:06]} 27. fxe4 {[%clk 0:27:29]} fxe4
{[%clk 0:24:57]} 28. Kh1 {[%clk 0:22:08]} d3 {[%clk 0:20:40]} 29. Bxb6
{[%clk 0:21:56]} dxe2 {[%clk 0:14:06]} 30. Rxd8+ {[%clk 0:22:11]} Kf7
{[%clk 0:14:30]} 31. Bxa5 {[%clk 0:18:05]} Qf5 {[%clk 0:12:39]} 32. Rg1
{[%clk 0:15:58]} Bd5 {[%clk 0:09:35]} 33. Bb4 {[%clk 0:15:37]} Kg6
{[%clk 0:08:32]} 34. Rd6+ {[%clk 0:14:58]} Kf7 {[%clk 0:08:28]} 35. Rd8
{[%clk 0:13:51]} Qg5 {[%clk 0:07:37]} 36. Rf8+ {[%clk 0:12:46]} Ke6
{[%clk 0:07:54]} 37. b6 {[%clk 0:12:11]} h5 {[%clk 0:06:59]} 38. a5
{[%clk 0:12:16]} h4 {[%clk 0:07:07]} 39. Rh8 {[%clk 0:12:37]} Bb7
{[%clk 0:06:37]} 40. Bc3 {[%clk 0:41:32]} e3 {[%clk 0:34:35]} 41. Be1
{[%clk 0:33:42]} Qf5 {[%clk 0:20:38]} 42. Rxh4 {[%clk 0:29:32]} g5
{[%clk 0:08:08]} 43. Rd4 {[%clk 0:21:48]} g4 {[%clk 0:04:37]} 44. Rb4
{[%clk 0:20:02]} Bxg2+ {[%clk 0:01:20]} 45. Rxg2 {[%clk 0:20:25]} Qf1+
{[%clk 0:01:33]} 46. Rg1 {[%clk 0:20:50]} Qf3+ {[%clk 0:01:34]} 47. Rg2
{[%clk 0:21:15]} Qf1+ {[%clk 0:01:26]} 48. Rg1 {[%clk 0:21:39]} Qf3+
{[%clk 0:01:26]} 1/2-1/2

[Event "MP do 16 lat - chlopcy"]
[Site "Sypniewo"]
[Date "2022.03.26"]
[Round "8.16"]
[White "Pancewicz, Szymon"]
[Black "Rog, Bartlomiej"]
[Result "0-1"]
[BlackElo "2143"]
[WhiteElo "1814"]
[LiveChessVersion "1.4.8"]

1. d4 {[%clk 1:30:46]} Nf6 {[%clk 1:30:51]} 2. c4 {[%clk 1:30:29]} g6
{[%clk 1:31:12]} 3. f3 {[%clk 1:29:58]} Bg7 {[%clk 1:31:30]} 4. e4
{[%clk 1:29:25]} d6 {[%clk 1:31:50]} 5. Nc3 {[%clk 1:27:37]} O-O {[%clk 1:32:09]}
6. Bg5 {[%clk 1:21:45]} c5 {[%clk 1:25:05]} 7. d5 {[%clk 1:15:49]} Ne8
{[%clk 1:16:11]} 8. Qd2 {[%clk 1:09:46]} f5 {[%clk 1:13:33]} 9. Bd3
{[%clk 1:04:35]} fxe4 {[%clk 1:10:49]} 10. Nxe4 {[%clk 0:58:27]} Nd7
{[%clk 1:08:07]} 11. Ne2 {[%clk 0:54:03]} Ne5 {[%clk 1:07:09]} 12. O-O-O
{[%clk 0:43:36]} a6 {[%clk 0:52:20]} 13. N2c3 {[%clk 0:38:16]} Bd7
{[%clk 0:45:46]} 14. f4 {[%clk 0:34:09]} Nxd3+ {[%clk 0:44:04]} 15. Qxd3
{[%clk 0:34:34]} h6 {[%clk 0:42:21]} 16. Bh4 {[%clk 0:27:23]} Rxf4
{[%clk 0:42:15]} 17. Be1 {[%clk 0:13:14]} b5 {[%clk 0:41:32]} 18. Bd2
{[%clk 0:11:50]} Rf7 {[%clk 0:38:49]} 19. Rhf1 {[%clk 0:11:06]} bxc4
{[%clk 0:37:39]} 20. Qg3 {[%clk 0:09:23]} Bf5 {[%clk 0:37:14]} 21. Qh4
{[%clk 0:07:41]} e6 {[%clk 0:35:30]} 22. Qxd8 {[%clk 0:01:36]} Rxd8
{[%clk 0:35:48]} 23. dxe6 {[%clk 0:01:24]} Bxe6 {[%clk 0:34:33]} 24. Bf4
{[%clk 0:00:41]} g5 {[%clk 0:32:08]} 25. Bg3 {[%clk 0:00:42]} Bd4
{[%clk 0:30:05]} 26. Rxf7 {[%clk 0:00:40]} Bxf7 {[%clk 0:30:27]} 27. Rf1
{[%clk 0:00:38]} d5 {[%clk 0:30:01]} 28. Nd2 {[%clk 0:00:45]} Bg6
{[%clk 0:27:25]} 29. Bf2 {[%clk 0:00:50]} Bd3 {[%clk 0:27:11]} 0-1

[Event "MP do 16 lat - chlopcy"]
[Site "Sypniewo"]
[Date "2022.03.26"]
[Round "8.17"]
[White "Kubik, Rafal"]
[Black "Dziewonski, Dariusz"]
[Result "0-1"]
[BlackElo "2093"]
[WhiteElo "1732"]
[LiveChessVersion "1.4.8"]

1. e4 {[%clk 1:30:57]} e5 {[%clk 1:30:56]} 2. Nf3 {[%clk 1:31:21]} Nc6
{[%clk 1:31:23]} 3. Nc3 {[%clk 1:31:43]} Nf6 {[%clk 1:31:48]} 4. d4
{[%clk 1:31:55]} exd4 {[%clk 1:32:12]} 5. Nxd4 {[%clk 1:32:20]} Nxe4
{[%clk 1:32:38]} 6. Nxe4 {[%clk 1:25:21]} Qe7 {[%clk 1:33:02]} 7. f3
{[%clk 1:24:27]} d5 {[%clk 1:33:11]} 8. Bb5 {[%clk 1:17:12]} Bd7 {[%clk 1:33:21]}
9. Bxc6 {[%clk 1:16:31]} bxc6 {[%clk 1:33:23]} 10. Qe2 {[%clk 1:16:21]} dxe4
{[%clk 1:31:53]} 11. Qxe4 {[%clk 1:16:38]} Qxe4+ {[%clk 1:26:53]} 12. fxe4
{[%clk 1:16:59]} Bc5 {[%clk 1:20:11]} 13. Be3 {[%clk 1:11:42]} O-O-O
{[%clk 1:09:12]} 14. Kf2 {[%clk 1:00:57]} Rhe8 15. Nf3 {[%clk 0:46:16]} Bxe3+
{[%clk 1:00:14]} 16. Kxe3 Bf5 {[%clk 0:56:10]} 17. e5 {[%clk 0:44:55]} Bg4
{[%clk 0:52:05]} 18. Rhe1 {[%clk 0:31:44]} Bxf3 {[%clk 0:51:21]} 19. Kxf3
{[%clk 0:32:06]} Rd5 {[%clk 0:51:01]} 20. Rad1 {[%clk 0:28:17]} Rdxe5
{[%clk 0:50:11]} 21. Rxe5 {[%clk 0:28:02]} Rxe5 {[%clk 0:50:36]} 22. Rd4
{[%clk 0:26:09]} Rd5 {[%clk 0:48:28]} 23. Rc4 {[%clk 0:24:38]} Kd7
{[%clk 0:47:59]} 24. Ke2 {[%clk 0:23:37]} Ra5 {[%clk 0:45:19]} 25. a3
{[%clk 0:21:50]} Rb5 {[%clk 0:44:47]} 26. b3 {[%clk 0:20:45]} Ra5
{[%clk 0:44:42]} 27. Rd4+ {[%clk 0:18:44]} Ke6 {[%clk 0:43:01]} 28. Rc4
{[%clk 0:17:36]} Rxa3 {[%clk 0:42:19]} 29. Rxc6+ {[%clk 0:17:59]} Kd7
{[%clk 0:42:42]} 30. Rc4 {[%clk 0:17:50]} Ra5 {[%clk 0:42:01]} 31. Rd4+
{[%clk 0:16:58]} Ke7 {[%clk 0:41:53]} 32. g3 {[%clk 0:12:46]} Re5+
{[%clk 0:39:09]} 33. Kf3 {[%clk 0:08:44]} Rc5 {[%clk 0:38:01]} 34. c4
{[%clk 0:06:01]} Re5 {[%clk 0:37:02]} 35. h4 {[%clk 0:04:37]} h6 {[%clk 0:35:48]}
36. Kf4 {[%clk 0:03:55]} Re1 {[%clk 0:34:12]} 37. Rd5 {[%clk 0:03:42]} Rf1+
{[%clk 0:30:42]} 38. Ke4 {[%clk 0:03:05]} Rf6 {[%clk 0:26:24]} 39. Ra5
{[%clk 0:02:37]} Re6+ {[%clk 0:25:43]} 40. Kf4 {[%clk 0:32:46]} a6
{[%clk 0:55:51]} 41. h5 {[%clk 0:25:54]} Rf6+ {[%clk 0:48:12]} 42. Ke4
{[%clk 0:23:26]} Rb6 {[%clk 0:48:29]} 43. g4 {[%clk 0:22:37]} Rxb3
{[%clk 0:44:30]} 44. Rxa6 {[%clk 0:22:59]} Rb6 {[%clk 0:43:45]} 45. Ra1
{[%clk 0:19:53]} Re6+ {[%clk 0:43:20]} 46. Kd4 {[%clk 0:18:54]} g6
{[%clk 0:34:27]} 47. hxg6 {[%clk 0:17:40]} Rxg6 {[%clk 0:33:42]} 48. Re1+
{[%clk 0:17:30]} Kd6 {[%clk 0:33:13]} 49. Re4 {[%clk 0:17:20]} c5+
{[%clk 0:33:08]} 50. Kd3 {[%clk 0:17:24]} Rf6 {[%clk 0:31:31]} 51. Re8
{[%clk 0:15:45]} Rf3+ {[%clk 0:26:48]} 52. Ke4 {[%clk 0:15:08]} Rc3
{[%clk 0:26:32]} 53. Rh8 {[%clk 0:14:23]} Rxc4+ {[%clk 0:26:54]} 54. Kf5
{[%clk 0:14:42]} Rc1 {[%clk 0:26:29]} 55. Rxh6+ {[%clk 0:14:53]} Kd5
{[%clk 0:26:45]} 56. Kf4 {[%clk 0:14:37]} Kd4 {[%clk 0:24:43]} 57. Rd6+
{[%clk 0:14:27]} Kc3 {[%clk 0:24:18]} 58. Rf6 {[%clk 0:07:05]} Re1
{[%clk 0:24:23]} 59. Kg5 {[%clk 0:05:54]} Re7 {[%clk 0:24:23]} 60. Kh6
{[%clk 0:05:02]} c4 {[%clk 0:23:55]} 61. g5 {[%clk 0:04:26]} Kb2 {[%clk 0:22:39]}
62. Rb6+ {[%clk 0:03:59]} Kc2 {[%clk 0:22:55]} 63. Kg7 {[%clk 0:03:28]} c3
{[%clk 0:22:57]} 64. Rf6 {[%clk 0:03:02]} Kb2 {[%clk 0:23:11]} 65. Rb6+
{[%clk 0:01:27]} Kc1 {[%clk 0:23:27]} 66. Kf6 {[%clk 0:01:41]} Rd7
{[%clk 0:23:33]} 67. Rb8 {[%clk 0:01:43]} c2 {[%clk 0:23:51]} 68. Rh8
{[%clk 0:01:56]} Kd2 0-1

[Event "MP do 16 lat - chlopcy"]
[Site "Sypniewo"]
[Date "2022.03.26"]
[Round "8.18"]
[White "Kusiak, Mateusz"]
[Black "Madajczak, Piotr"]
[Result "1-0"]
[BlackElo "1902"]
[WhiteElo "1715"]
[LiveChessVersion "1.4.8"]

1. e4 {[%clk 1:30:57]} d5 {[%clk 1:30:54]} 2. exd5 {[%clk 1:31:23]} Qxd5
{[%clk 1:31:20]} 3. Nc3 {[%clk 1:31:45]} Qd8 {[%clk 1:31:45]} 4. d4
{[%clk 1:30:06]} Nf6 {[%clk 1:32:06]} 5. Nf3 {[%clk 1:29:21]} Bg4
{[%clk 1:32:10]} 6. h3 {[%clk 1:28:13]} Bxf3 {[%clk 1:32:32]} 7. Qxf3
{[%clk 1:28:20]} c6 {[%clk 1:32:54]} 8. Bc4 {[%clk 1:13:22]} e6 {[%clk 1:30:56]}
9. Bf4 {[%clk 1:11:34]} Be7 {[%clk 1:08:33]} 10. O-O-O {[%clk 1:11:34]} Nbd7
{[%clk 1:07:59]} 11. g4 {[%clk 1:06:54]} Nb6 {[%clk 1:06:32]} 12. Bb3
{[%clk 1:05:43]} Nfd5 {[%clk 1:05:35]} 13. Be5 {[%clk 1:03:15]} O-O
{[%clk 1:03:31]} 14. Ne4 {[%clk 0:59:58]} a5 {[%clk 0:59:16]} 15. c4
{[%clk 0:51:39]} a4 {[%clk 0:43:26]} 16. Bc2 {[%clk 0:49:01]} Nb4
{[%clk 0:33:10]} 17. Bb1 {[%clk 0:46:22]} Nxc4 {[%clk 0:30:24]} 18. a3
{[%clk 0:45:17]} Nd5 {[%clk 0:30:52]} 19. Qd3 {[%clk 0:44:08]} Bg5+
{[%clk 0:26:15]} 20. Nxg5 {[%clk 0:43:57]} Qxg5+ {[%clk 0:26:35]} 21. f4
{[%clk 0:44:22]} Nxe5 {[%clk 0:27:01]} 22. Qxh7# 1-0

[Event "MP do 16 lat - chlopcy"]
[Site "Sypniewo"]
[Date "2022.03.26"]
[Round "8.19"]
[White "Pisarek, Jan"]
[Black "Paprocki, Antoni"]
[Result "0-1"]
[BlackElo "1831"]
[WhiteElo "1703"]
[LiveChessVersion "1.4.8"]

1. e4 {[%clk 1:30:57]} c5 {[%clk 1:30:55]} 2. Nf3 {[%clk 1:31:22]} d6
{[%clk 1:31:14]} 3. c3 {[%clk 1:31:43]} Nf6 {[%clk 1:31:08]} 4. Be2
{[%clk 1:32:07]} Bd7 {[%clk 1:30:28]} 5. Qc2 {[%clk 1:32:17]} Bc6
{[%clk 1:28:16]} 6. d3 {[%clk 1:32:27]} g6 {[%clk 1:26:09]} 7. O-O
{[%clk 1:32:22]} Bg7 {[%clk 1:20:44]} 8. h3 {[%clk 1:32:22]} O-O {[%clk 1:21:03]}
9. Be3 {[%clk 1:32:25]} e5 {[%clk 1:20:28]} 10. Nbd2 {[%clk 1:30:33]} Qe7
{[%clk 1:20:18]} 11. Nc4 {[%clk 1:14:59]} b6 {[%clk 1:14:48]} 12. Bg5
{[%clk 1:01:16]} Nbd7 {[%clk 1:14:25]} 13. Ne3 {[%clk 1:01:10]} h6
{[%clk 1:11:57]} 14. Bxf6 {[%clk 1:01:24]} Nxf6 {[%clk 1:11:44]} 15. Nd2
{[%clk 0:57:32]} d5 {[%clk 1:09:37]} 16. c4 {[%clk 0:53:19]} d4 {[%clk 1:01:23]}
17. Nd5 {[%clk 0:52:46]} Qd6 {[%clk 1:00:38]} 18. g3 {[%clk 0:45:27]} Nh7
{[%clk 0:58:25]} 19. Kg2 {[%clk 0:41:48]} Rae8 {[%clk 0:54:03]} 20. a4
{[%clk 0:40:44]} f5 {[%clk 0:40:04]} 21. Qb3 {[%clk 0:39:35]} Rb8
{[%clk 0:37:06]} 22. Bf3 {[%clk 0:33:48]} Ng5 {[%clk 0:32:42]} 23. Rfc1
{[%clk 0:28:07]} Rf7 {[%clk 0:27:37]} 24. Be2 {[%clk 0:23:15]} Rbf8
{[%clk 0:23:15]} 25. f3 {[%clk 0:23:26]} h5 {[%clk 0:21:06]} 26. h4
{[%clk 0:19:51]} Ne6 {[%clk 0:21:09]} 27. Rh1 {[%clk 0:19:27]} f4
{[%clk 0:20:34]} 28. g4 {[%clk 0:19:18]} hxg4 {[%clk 0:20:38]} 29. fxg4
{[%clk 0:19:19]} f3+ {[%clk 0:17:51]} 30. Bxf3 {[%clk 0:19:45]} Bh6
{[%clk 0:13:54]} 31. g5 {[%clk 0:19:56]} Nxg5 {[%clk 0:12:50]} 32. hxg5
{[%clk 0:20:22]} Bxg5 {[%clk 0:13:16]} 33. Qc2 {[%clk 0:20:34]} Be3
{[%clk 0:01:24]} 34. Rh3 {[%clk 0:20:26]} Bd7 {[%clk 0:01:15]} 35. Rg3
{[%clk 0:20:06]} Bf4 {[%clk 0:01:31]} 36. Nxf4 {[%clk 0:18:18]} exf4
{[%clk 0:02:00]} 37. Rg4 {[%clk 0:17:43]} Bxg4 {[%clk 0:02:18]} 38. Bxg4
{[%clk 0:18:10]} f3+ {[%clk 0:01:32]} 39. Bxf3 {[%clk 0:18:16]} Qf4
{[%clk 0:00:34]} 40. Rg1 {[%clk 0:31:40]} Rh7 {[%clk 0:30:34]} 41. Kf1
{[%clk 0:30:14]} g5 {[%clk 0:17:19]} 42. Qd1 {[%clk 0:27:42]} g4 {[%clk 0:16:45]}
43. Qe2 {[%clk 0:25:26]} Kh8 {[%clk 0:16:24]} 44. Kf2 {[%clk 0:23:25]} gxf3
{[%clk 0:16:00]} 45. Nxf3 {[%clk 0:23:41]} Rh3 {[%clk 0:16:05]} 0-1

[Event "MP do 16 lat - chlopcy"]
[Site "Sypniewo"]
[Date "2022.03.26"]
[Round "8.20"]
[White "Trzebinski, Patryk"]
[Black "Jendrowiak, Maciej"]
[Result "0-1"]
[BlackElo "1650"]
[WhiteElo "1711"]
[LiveChessVersion "1.4.8"]

1. e4 {[%clk 1:30:59]} c5 {[%clk 1:30:47]} 2. Nf3 {[%clk 1:31:00]} d6
{[%clk 1:31:12]} 3. d4 {[%clk 1:31:08]} cxd4 {[%clk 1:31:29]} 4. Qxd4
{[%clk 1:30:44]} Nc6 {[%clk 1:31:51]} 5. Bb5 {[%clk 1:30:39]} Bd7
{[%clk 1:31:40]} 6. Bxc6 {[%clk 1:29:49]} Bxc6 {[%clk 1:31:58]} 7. Nc3
{[%clk 1:30:09]} Nf6 {[%clk 1:31:43]} 8. Bg5 {[%clk 1:30:33]} e6 {[%clk 1:31:26]}
9. O-O-O {[%clk 1:28:56]} Be7 {[%clk 1:31:04]} 10. Rhe1 {[%clk 1:29:23]} O-O
{[%clk 1:31:18]} 11. Kb1 {[%clk 1:26:33]} b5 {[%clk 1:22:39]} 12. Qd3
{[%clk 0:59:35]} Qb6 {[%clk 1:17:59]} 13. Nd4 {[%clk 0:54:08]} b4
{[%clk 1:05:28]} 14. Nxc6 {[%clk 0:53:01]} Qxc6 {[%clk 1:05:52]} 15. Nb5
{[%clk 0:53:07]} Rfd8 {[%clk 1:03:23]} 16. Nd4 {[%clk 0:50:56]} Qb7
{[%clk 1:01:55]} 17. f4 {[%clk 0:44:37]} a5 {[%clk 1:00:46]} 18. f5
{[%clk 0:37:33]} e5 {[%clk 1:00:12]} 19. Bxf6 {[%clk 0:37:07]} Bxf6
{[%clk 1:00:18]} 20. Nf3 {[%clk 0:36:52]} a4 {[%clk 0:57:45]} 21. Qd5
{[%clk 0:28:48]} Qc7 {[%clk 0:53:58]} 22. Re3 {[%clk 0:15:03]} Be7
{[%clk 0:46:54]} 23. c4 {[%clk 0:00:47]} Rdb8 {[%clk 0:44:50]} 24. Nd2
{[%clk 0:00:40]} Ra5 {[%clk 0:42:07]} 25. Qd3 {[%clk 0:01:09]} Rc5
{[%clk 0:37:23]} 26. Rg3 {[%clk 0:01:21]} h6 {[%clk 0:37:09]} 27. Qf1
{[%clk 0:01:42]} Bg5 {[%clk 0:36:14]} 28. f6 {[%clk 0:02:05]} g6 {[%clk 0:36:30]}
29. Rd3 {[%clk 0:02:34]} Bxd2 {[%clk 0:36:36]} 30. R3xd2 {[%clk 0:03:02]} Rxc4
{[%clk 0:33:58]} 31. Rxd6 {[%clk 0:03:31]} Rc8 {[%clk 0:20:26]} 32. Qe1
{[%clk 0:03:34]} b3 {[%clk 0:17:20]} 33. Qd2 {[%clk 0:03:28]} Rc1+
{[%clk 0:13:33]} 34. Rxc1 {[%clk 0:03:38]} Qxc1+ {[%clk 0:13:47]} 35. Qxc1
{[%clk 0:04:01]} Rxc1+ {[%clk 0:13:58]} 36. Kxc1 {[%clk 0:04:29]} bxa2
{[%clk 0:14:22]} 37. Rd8+ {[%clk 0:04:24]} Kh7 {[%clk 0:14:45]} 38. Rd7
{[%clk 0:04:45]} a1=Q+ {[%clk 0:15:09]} 39. Kc2 {[%clk 0:05:11]} Qa2
{[%clk 0:15:06]} 0-1